LEADER 01313nam a2200301 i 4500 001 000000129414 003 CaOOAMICUS 005 20040927000000.0 008 040927s2003 it u000 u ita u 013 $a102147 020 $a88-10-40488-2 040 $aSeMil$bita 100 1 $aSalutati, Leonardo,$d<1961- >.$0(OLS)http://semarc/name/53694 245 10$aFinanza e debito dei paesi poveri :$buna economia istituzionalmente usuraia /$cLeonardo Salutati. 260 $aBologna :$bEDB,$ccopyr. 2003. 300 $a322 p. ;$c21 cm. 490 0 $aEtica teologica oggi ;$v38 500 $aContiene : Bibliografia. 650 4$aUsura.$0(OLS)http://semarc/subject/10308 650 4$aEconomia internazionale.$0(OLS)http://semarc/subject/5074 650 4$aDebito internazionale.$0(OLS)http://semarc/subject/25573 830 0$aEtica teologica oggi ;$v38.$0(OLS)http://semarc/title/6620 850 $aSeMil 852 $aSeMil$W1$xVenegono$y1$m2MA C 38$j244608$B83530$CSeMilBibl$Z2$F86750 $81 961 $aSottoscrizione: Cittą Nuova (Agente) 996 $6020$a88-10-40488-2$9(OLS)http://semarc/number/116176 996 $6245$aFinanza e debito dei paesi poveri :$buna economia istituzionalmente usuraia$9(OLS)http://semarc/title/191087 996 $6260$aBologna :$bEDB$9(OLS)http://semarc/publisher/29669 LEADER 02404nam a2200433 i 4500 001 000000168564 003 CaOOAMICUS 005 20080118000000.0 008 080118s1984 it u000 u ita u 013 $a145966 020 $a88-211-8598-2 040 $aSeMil$bita 100 1 $aColloquio sulla Interpretazione <5. , 1983 ; Macerata>.$0(OLS)http://semarc/name/63285 245 10$aInterpretazione e simbolo :$batti del 5. Colloquio sulla Interpretazione (Macerata, 21-22 marzo 1983) /$ca cura di Giuseppe Galli. 260 $aTorino :$bMarietti,$c1984. 300 $a266 p. ;$c24 cm. 490 0 $aPubblicazioni della Facoltą di lettere e filosofia ;$v17 650 4$aSimbolo - Filosofia.$0(OLS)http://semarc/subject/2341 650 4$aComunicazione - Filosofia.$0(OLS)http://semarc/subject/5015 650 4$aInterpretazione - Filosofia.$0(OLS)http://semarc/subject/29130 700 1 $aGalli, Giuseppe <1933- >.$0(OLS)http://semarc/name/43057 774 0 $tIntroduzione.$w()330287 774 0 $tLinguaggio analogico e linguaggio dell'essere.$w()330288 774 0 $tInterpretazione e simbolo. La poetica come disciplina ermeneutica nel pensiero di P. Ricoeur.$w()330289 774 0 $tMetafore nella comunicazione quotidiana e nei testi scientifici, biblici e letterari.$w()330290 774 0 $tInterpretazione e attribuzione di significati simbolici.$w()330291 774 0 $tPer una rilettura del Frammento XXXVII di G. Leopardi.$w()330292 774 0 $tEsperimento di lettura del Frammento XXXVII di Leopardi ( odi Melisso ).$w()330293 774 0 $tOdi Melisso ".$w()330294 774 0 $tSignificati del simbolo lunare in alcuni romantici tedeschi.$w()330295 774 0 $tInterpretazione simbolica nella psicoterapia junghiana.$w()330296 774 0 $tUso del simbolo nella tecnica psicoterapeutica.$w()330297 830 0$aPubblicazioni della Facoltą di lettere e filosofia ;$v17.$0(OLS)http://semarc/title/15306 850 $aSeMil 852 $aSeMil$W1$xVenegono$y1$m2P VII 201$j119607$B119607$CSeMilBibl$Z2$F130617 $81 961 $aRecupero: Seminario di Seveso 996 $6020$a88-211-8598-2$9(OLS)http://semarc/number/155333 996 $6245$aInterpretazione e simbolo :$batti del 5. Colloquio sulla Interpretazione (Macerata, 21-22 marzo 1983)$9(OLS)http://semarc/title/241155 996 $6260$aTorino :$bMarietti$9(OLS)http://semarc/publisher/29916